Ιερά Μονή Μεταμορφώσεως του Σωτήρος Χριστού Κουμπέ Ρεθύμνου και ο νεώτερος ιδρυτής της Νέστωρ Ι. Βασσάλος ο Διονυσιάτης
Αποθηκεύτηκε σε:
| Κύριος συγγραφέας: | |
|---|---|
| Μορφή: | Βιβλίο |
| Γλώσσα: | Greek |
| Δημοσίευση: |
Ρέθυμνο :
[Γραφοτεχνική], [Ιερά Μονή Μεταμορφώσεως Σωτήρος Χριστού],
2011.
|
| Θέματα: | |
| Ετικέτες: |
Προσθήκη ετικέτας
Δεν υπάρχουν, Καταχωρήστε ετικέτα πρώτοι!
|
MARC
| LEADER | 00000cam a2200000 i 4500 | ||
|---|---|---|---|
| 001 | 1/26582 | ||
| 008 | 130225s2011 gr | ||| |||| ||gre|| | ||
| 020 | |a 9789609332491 | ||
| 035 | |l 10113859 | ||
| 040 | |a GR-MyUa |b gre |e AACR2 | ||
| 041 | 0 | |a gre | |
| 082 | 7 | |a 206.57 |2 (22) | |
| 100 | 1 | |a Παπαδάκης, Κωστής Ηλ. | |
| 245 | 1 | 0 | |a Ιερά Μονή Μεταμορφώσεως του Σωτήρος Χριστού Κουμπέ Ρεθύμνου και ο νεώτερος ιδρυτής της Νέστωρ Ι. Βασσάλος ο Διονυσιάτης / |c Κωστής Ηλ. Παπαδάκης. |
| 260 | |a Ρέθυμνο : |b [Γραφοτεχνική], |b [Ιερά Μονή Μεταμορφώσεως Σωτήρος Χριστού], |c 2011. | ||
| 300 | |a 241 σ. : |b εικ. ; |c 30 εκ. | ||
| 504 | |a Περιλαμβάνει βιβλιογραφικές παραπομπές. | ||
| 600 | 1 | 0 | |a Βασσάλος, Νέστωρ Ι. |c ο Διονυσιάτης. |
| 650 | 0 | |a Monasteries |z Greece |z Rethymnon (Municipality) | |
| 852 | |a INST |b RHODES |e 20130225 |h 206.57 ΠΑΠ |p 005400034950 |q 005400034950 |t BK |y 0 | ||
| 901 | |a BIBL4-2013-1 | ||
| 970 | |z 2013/02/22 | ||